Normal view
MARC view
Entry Personal Name
001 - CONTROL NUMBER
- control field: 60579
003 - CONTROL NUMBER IDENTIFIER
- control field: dpl
005 - DATE AND TIME OF LATEST TRANSACTION
- control field: 20240103115009.0
008 - FIXED-LENGTH DATA ELEMENTS
- fixed length control field: 240103|| aca||aabn | a|a d
040 ## - CATALOGING SOURCE
- Original cataloging agency: dpl
- Transcribing agency: dpl
100 ## - HEADING--PERSONAL NAME
- Personal name: Mittal, Anand
670 ## - SOURCE DATA FOUND
- Source citation: Work cat.: (dpl)194151: Chaturvedi, D.D. 60578, Principle of macro economics-1/, 2018
